| 000 | 00552 a2200133 4500 | ||
|---|---|---|---|
| 999 |
_c2213 _d2213 |
||
| 020 | _a1868225135 | ||
| 050 | _aLA1531COM2006 | ||
| 245 |
_aAurora Australis : _b _cedited by Wolhuter CC |
||
| 264 |
_aSouth Africa: _cPotchefstroom, _b2006 |
||
| 300 |
_a126p. : _bill. |
||
| 500 | _aIncludes index | ||
| 650 | _aComparative education. | ||
| 942 |
_2lcc _cBK _h1531 _iCOM _kLA |
||